000
00308nam a2200133Ia 4500
008
240624s9999 xx 000 0 und d
041
_a
eng
082
_a
006.7 CHA
100
_a
CHAPMAN NIGEL
245
_a
DIGITAL MULTIMEDIA
260
_c
2000
_a
Chichester
_b
John Wiley
300
_a
xiv, : 568
365
_c
RS
999
_c
1286
_d
1286